Hamas in politics : (Record no. 193948)

MARC details
000 -LEADER
campo de control de longitud fija 02002cam a2200373 i 4500
001 - NÚMERO DE CONTROL
campo de control 193948
003 - IDENTIFICADOR DE NÚMERO DE CONTROL
campo de control ES-MaACL
005 - FECHA Y HORA DE LA ÚLTIMA TRANSACCIÓN
campo de control 20250804063447.0
008 - DATOS DE LONGITUD FIJA--INFORMACIÓN GENERAL
campo de control de longitud fija 231222s2007 gbr 0 1 0 eng/d
020 ## - NÚMERO INTERNACIONAL ESTÁNDAR DEL LIBRO
Número Internacional Estándar del Libro 9781850658764
020 ## - NÚMERO INTERNACIONAL ESTÁNDAR DEL LIBRO
Número Internacional Estándar del Libro 9781850658764
040 ## - FUENTE DE CATALOGACIÓN
Centro catalogador/agencia de origen M-ICM
Lengua de catalogación spa
Centro/agencia transcriptor M-ICM
Centro/agencia modificador UAM.FL
080 #4 - NÚMERO DE LA CLASIFICACIÓN DECIMAL UNIVERSAL
Número de la Clasificación Decimal Universal 327.5(569.4)"1993/..."
080 #4 - NÚMERO DE LA CLASIFICACIÓN DECIMAL UNIVERSAL
Número de la Clasificación Decimal Universal 32(=1:569.4=411.21)"1948/..."
100 1# - ENTRADA PRINCIPAL--NOMBRE DE PERSONA
Nombre de persona Gunning, Jeroen
Término indicativo de función/relación Autor
9 (RLIN) 235446
245 10 - MENCIÓN DEL TÍTULO
Título Hamas in politics :
Resto del título democracy, religion, violence /
Mención de responsabilidad, etc. Jeroen Gunning
260 0# - PUBLICACIÓN, DISTRIBUCIÓN, ETC.
Lugar de publicación, distribución, etc. London :
Nombre del editor, distribuidor, etc. Hurst,
Fecha de publicación, distribución, etc. 2007
300 ## - DESCRIPCIÓN FÍSICA
Extensión XIV, 310 páginas ;
Dimensiones 22 cm
336 ## - TIPO DE CONTENIDO
Fuente rdacontent
Término de tipo de contenido texto
337 ## - TIPO DE MEDIO
Fuente rdamedia
Nombre/término del tipo de medio sin mediación
338 ## - TIPO DE SOPORTE
Fuente rdacarrier
Nombre/término del tipo de soporte volumen
500 ## - NOTA GENERAL
Nota general Índice
504 ## - NOTA DE BIBLIOGRAFÍA, ETC.
Nota de bibliografía, etc. Bibliografía: páginas 275-305
520 ## - RESUMEN, ETC.
Sumario, etc. En enero de 2006 Hamás, organización clasificada como terrorista por los gobiernos occidentales, fue elegida democráticamente para gobernar los territorios palestinos. Las contradicciones inherentes a esta situación han desconcertado a muchos analistas. Hamás emplea tácticas terroristas contra Israel, pero se presenta con una candidatura a favor del orden público en las elecciones palestinas; busca un Estado islámico, pero celebra elecciones internas; hace campaña por la sharia, pero sus líderes son predominantemente profesionales laicos; llama a la destrucción de Israel, pero ha accedido a regañadientes a cumplir los acuerdos de paz previos
610 24 - PUNTO DE ACCESO ADICIONAL DE MATERIA--NOMBRE DE ENTIDAD CORPORATIVA
Nombre de entidad corporativa o nombre de jurisdicción como elemento de entrada Hamas
9 (RLIN) 241534
650 #4 - PUNTO DE ACCESO ADICIONAL DE MATERIA--TÉRMINO DE MATERIA
Término de materia o nombre geográfico como elemento de entrada Conflicto árabe-israelí-
Subdivisión cronológica 1993-
9 (RLIN) 11268
650 #4 - PUNTO DE ACCESO ADICIONAL DE MATERIA--TÉRMINO DE MATERIA
Término de materia o nombre geográfico como elemento de entrada Palestinos-
Subdivisión general Política y gobierno-
Subdivisión cronológica 1948-
9 (RLIN) 235449
852 ## - LOCALIZACIÓN
Ubicación ES-MaACL
Sublocalización o colección R.154950
Ubicación en estantería Depósito J
Signatura antigua N-9761
Donativo/Legado Donación: José Lázaro García
Encuadernación Cartoné con sobrecubiertas
itemnumber 205459
903 ## - NOMBRE PERSONAL DE DONANTE
9 234219
a Lázaro García, José
e Donante
942 ## - ELEMENTOS DE ENTRADA SECUNDARIOS (KOHA)
Tipo de ítem Koha Libro impreso
Suprimir en OPAC No
Holdings
Estatus retirado Estado de pérdida Fuente del sistema de clasificación o colocación Estado de daño No para préstamo Biblioteca de origen Biblioteca actual Ubicación en estantería Fecha de adquisición Fuente de adquisición Total de préstamos Signatura topográfica completa Código de barras Visto por última vez Precio de reemplazo Tipo de ítem Koha
    Clasificación decimal universal     Biblioteca del Ateneo de Madrid Biblioteca del Ateneo de Madrid Depósito J 12/05/2025 Donación   N-9761 101230075 12/05/2025 12/05/2025 Libro impreso